[Event "Team BG11 chess final 2018"]
[Site "Sochi"]
[Date "2018.05.07"]
[Round "6.3"]
[White "Rodionov, Mihail"]
[Black "Khusneeva, Alina"]
[Result "1-0"]
[WhiteElo "1293"]
[BlackElo "1257"]
[PlyCount "117"]
[EventDate "2018.05.01"]

1. d4 Nf6 2. f4 d5 3. Nf3 Bf5 4. e3 e6 5. Bd3 Bxd3 6. Qxd3 Nbd7 7. O-O c5 8. c3
c4 9. Qd1 Be7 10. Nbd2 O-O 11. Ne5 a6 12. Rf3 Re8 13. Rh3 Qc7 14. g4 Nxe5 15.
dxe5 Nd7 16. g5 b5 17. Qh5 Nf8 18. e4 Qb6+ 19. Kf1 d4 20. Nf3 d3 21. Nd4 Bc5
22. Be3 Rad8 23. Rd1 a5 24. b3 b4 25. cxb4 Bxd4 26. Bxd4 Qxd4 27. bxa5 Qxe4 28.
Qf3 Qxf3+ 29. Rxf3 Rc8 30. bxc4 Rxc4 31. Rdxd3 Ra4 32. Ra3 Rxa3 33. Rxa3 Ra8
34. Ke2 Nd7 35. Kd3 Kf8 36. Kc4 Ke8 37. Kb5 Kd8 38. Kc6 Kc8 39. a6 Nb8+ 40. Kb6
Kd8 41. a7 Nd7+ 42. Kc6 Kc8 43. h4 g6 44. Ra4 Nf8 45. Kd6 Kd8 46. Rb4 Nd7 47.
Rb7 Ke8 48. Rxd7 Kf8 49. Rb7 Kg7 50. Kc6 h5 51. Kb6 Kh7 52. Rb8 Rxa7 53. Kxa7
Kg7 54. Kb7 Kh7 55. a4 Kg7 56. a5 Kh7 57. a6 Kg7 58. a7 f5 59. a8=Q 1-0

[Event "Team BG11 chess final 2018"]
[Site "Sochi"]
[Date "2018.05.07"]
[Round "6.1"]
[White "Yaurov, Egor"]
[Black "Shvedova, Alexandra"]
[Result "1-0"]
[WhiteElo "1921"]
[BlackElo "1691"]
[PlyCount "179"]
[EventDate "2018.05.01"]

1. e4 c5 2. Nf3 d6 3. Bb5+ Bd7 4. Bxd7+ Qxd7 5. O-O Nc6 6. Qe2 Nf6 7. b3 e6 8.
Bb2 Be7 9. c4 O-O 10. d4 cxd4 11. Nxd4 a6 12. Nxc6 Qxc6 13. Nd2 Rac8 14. Rad1
b5 15. Rc1 Qb7 16. e5 dxe5 17. Bxe5 Nd7 18. Ba1 Bf6 19. Bxf6 Nxf6 20. c5 Qd5
21. b4 Nh5 22. g3 Nf6 23. Nb3 Ne4 24. Rfd1 Qa8 25. Na5 Nf6 26. c6 Nd5 27. a3
Rc7 28. Qe5 Rfc8 29. Qd6 Ne7 30. Rc5 Nf5 31. Qd7 Ne7 32. Qd6 Nf5 33. Qd3 Ne7
34. Qe4 h6 35. Rd6 Rd8 36. Qd4 Rxd6 37. Qxd6 Qc8 38. h4 Nf5 39. Qd3 Ne7 40. Qe4
Nd5 41. Rc1 Nf6 42. Qe5 Nd5 43. Qd6 Ne7 44. Qc5 Nd5 45. Rd1 Ne7 46. Kh2 Nd5 47.
Rd2 Ne7 48. Rc2 Nd5 49. Nb3 Ne7 50. Nd4 Kh8 51. Qd6 Kg8 52. Rc5 Kh8 53. Kg2 Kg8
54. Qf4 Nd5 55. Qd6 Ne7 56. f4 Nd5 57. Kf3 Nb6 58. Ke3 Na4 59. Rc2 Nb6 60. Kd2
Nd5 61. Rc5 Nf6 62. Re5 Ng4 63. Re1 Nf6 64. Qe5 Nd5 65. Rc1 Qd8 66. Kc2 Ne7 67.
Kb2 Ng6 68. Qc5 Ne7 69. h5 Nd5 70. Rd1 Qf6 71. Qd6 Rc8 72. Kb3 Ne3 73. Rd3 Nc4
74. Qc5 e5 75. fxe5 Nxe5 76. Rc3 Kh7 77. a4 bxa4+ 78. Kxa4 Nd7 79. Qf5+ Qxf5
80. Nxf5 Nb6+ 81. Ka5 Nd5 82. Rc5 Nc7 83. Kb6 Ne6 84. Re5 Rb8+ 85. Ka5 Kh8 86.
Rxe6 fxe6 87. Nd6 e5 88. c7 Ra8 89. Kb6 Kh7 90. Kb7 1-0

[Event "Team BG11 chess final 2018"]
[Site "Sochi"]
[Date "2018.05.07"]
[Round "6.2"]
[White "Fedorova, Olesya"]
[Black "Fomin, Nikita"]
[Result "1-0"]
[WhiteElo "1455"]
[BlackElo "1565"]
[PlyCount "103"]
[EventDate "2018.05.01"]

1. d4 d5 2. Nc3 Nf6 3. Bf4 e6 4. e3 Be7 5. Bd3 Nbd7 6. Nb5 e5 7. dxe5 Ne4 8.
Bxe4 dxe4 9. e6 fxe6 10. Nxc7+ Kf7 11. Nxa8 Qa5+ 12. c3 e5 13. Bg3 h5 14. h3 h4
15. Bh2 Nf6 16. Qc2 Be6 17. b4 Qd8 18. Bxe5 Qxa8 19. Ne2 Qc8 20. a3 Qc4 21. Nf4
Rc8 22. Qe2 g5 23. Nxe6 Kxe6 24. Qxc4+ Rxc4 25. Bd4 Nd5 26. Kd2 Bf6 27. Bxf6
Kxf6 28. Rac1 Ke5 29. f3 b5 30. Rhf1 Rc7 31. Rf2 a6 32. Re2 Rc6 33. Ke1 Rc4 34.
Kf2 Nxc3 35. Rec2 Nd1+ 36. Ke2 Nb2 37. Rxc4 Nxc4 38. Rc3 Kd5 39. fxe4+ Kxe4 40.
Kf2 Ne5 41. Rc7 Nc4 42. Ra7 Nxa3 43. Rxa6 Nc2 44. Rb6 Nxb4 45. Rxb5 Nd3+ 46.
Ke2 Ne5 47. Rxe5+ Kxe5 48. Kf3 Kf5 49. e4+ Ke5 50. Kg4 Kxe4 51. Kxg5 Ke5 52.
Kxh4 1-0

[Event "Team BG11 chess final 2018"]
[Site "Sochi"]
[Date "2018.05.07"]
[Round "6.3"]
[White "Tetyuev, Stepan"]
[Black "Mikhailina, Olga"]
[Result "1/2-1/2"]
[WhiteElo "1376"]
[BlackElo "1260"]
[PlyCount "62"]
[EventDate "2018.05.01"]

1. e4 e5 2. Nf3 Nc6 3. Bb5 Nf6 4. O-O d6 5. d3 Bg4 6. Nbd2 a6 7. Ba4 b5 8. Bb3
Be7 9. c3 O-O 10. Re1 a5 11. Nf1 a4 12. Bc2 d5 13. h3 Bxf3 14. Qxf3 d4 15. Ng3
b4 16. c4 Nd7 17. a3 bxa3 18. bxa3 Nc5 19. Nf5 Bf6 20. Rb1 Kh8 21. Bd2 Rb8 22.
Bb4 Nxb4 23. axb4 Na6 24. b5 Nc5 25. Ra1 Ra8 26. Qd1 a3 27. Qc1 Bg5 28. Qd1 Bf6
29. Qc1 Bg5 30. Qd1 Bf6 31. Qc1 Bg5 1/2-1/2

[Event "Team BG11 chess final 2018"]
[Site "Sochi"]
[Date "2018.05.07"]
[Round "6.4"]
[White "Kusakina, Uliana"]
[Black "Azimov, Timur"]
[Result "1/2-1/2"]
[WhiteElo "1346"]
[BlackElo "1438"]
[PlyCount "91"]
[EventDate "2018.05.01"]

1. e4 c5 2. Nf3 e6 3. d4 cxd4 4. Nxd4 Nf6 5. Nc3 Nc6 6. Be3 Bb4 7. Nxc6 bxc6 8.
Qd3 d5 9. exd5 exd5 10. a3 Bd6 11. Be2 O-O 12. O-O c5 13. Bg5 Be6 14. Bxf6 Qxf6
15. Nxd5 Qe5 16. f4 Qxd5 17. Qxd5 Bxd5 18. Rad1 Rfe8 19. Ba6 Bxf4 20. Rxd5 Be3+
21. Kh1 Rab8 22. b3 Rb6 23. Bc4 Rb7 24. Re1 Rbe7 25. Bb5 Rb8 26. Rd3 g6 27. Ba4
Bg5 28. Rxe7 Bxe7 29. Rd7 Rd8 30. Rxd8+ Bxd8 31. Kg1 f5 32. Kf2 Kf7 33. Kf3 Ke6
34. c4 a5 35. Bc6 Ke5 36. Ke3 Bg5+ 37. Kd3 Be7 38. g3 g5 39. h3 h5 40. Bf3 g4
41. hxg4 hxg4 42. Bg2 f4 43. gxf4+ Kxf4 44. Ke2 g3 45. Bf3 Bf6 46. Bg2 1/2-1/2

[Event "Team BG11 chess final 2018"]
[Site "Sochi"]
[Date "2018.05.07"]
[Round "6.1"]
[White "Vetokhin, Savva"]
[Black "Antonov, Vladimir Vl"]
[Result "1-0"]
[WhiteElo "1829"]
[BlackElo "1295"]
[PlyCount "39"]
[EventDate "2018.05.01"]

1. d4 d5 2. Nc3 Nf6 3. Bf4 e6 4. e3 c5 5. Nf3 Nc6 6. Nb5 Qa5+ 7. c3 Kd7 8. Ng5
Be7 9. a3 Ne8 10. dxc5 Bxc5 11. b4 Qb6 12. bxc5 Qxc5 13. Ne4 Qf8 14. c4 Ne7 15.
cxd5 exd5 16. Nc5+ Kc6 17. Rc1 Kb6 18. Qb3 Ka5 19. Qb4+ Kb6 20. Nd4# 1-0

[Event "Team BG11 chess final 2018"]
[Site "Sochi"]
[Date "2018.05.07"]
[Round "6.1"]
[White "Akhmedov, David"]
[Black "Otdelnov, Kirill"]
[Result "0-1"]
[WhiteElo "1433"]
[BlackElo "1611"]
[PlyCount "130"]
[EventDate "2018.05.01"]

1. e4 c6 2. d4 d5 3. Nd2 dxe4 4. Nxe4 Nd7 5. Nf3 Ngf6 6. Ng3 e6 7. Bd3 c5 8.
O-O cxd4 9. Nxd4 Bc5 10. Nf3 O-O 11. a3 Be7 12. b3 b6 13. Bb2 Bb7 14. c4 Qc7
15. Qe2 Nc5 16. Bc2 Rac8 17. Rad1 Rfd8 18. Rfe1 Qc6 19. Qf1 Qc7 20. Nd4 a6 21.
f3 Bd6 22. Qf2 Ncd7 23. Kh1 b5 24. cxb5 Bxg3 25. hxg3 e5 26. Nc6 Bxc6 27. bxc6
Qxc6 28. Bb1 Qb5 29. b4 Re8 30. g4 Nf8 31. Bd3 Qa4 32. Qf1 Rc6 33. Rb1 e4 34.
Bxf6 Rxf6 35. Bxe4 Qd7 36. g5 Rfe6 37. Rbd1 Qe7 38. Rd5 Ng6 39. Ra5 Re5 40.
Qxa6 Qxg5 41. Rd1 Nf4 42. Qf1 Rxa5 43. bxa5 Qxa5 44. Re1 g6 45. Re3 Qd2 46. Re1
Re5 47. g4 Ne6 48. Rd1 Qh6+ 49. Kg1 Qe3+ 50. Qf2 Qxa3 51. Rd3 Qc1+ 52. Qf1 Qf4
53. Qf2 Ng5 54. Rd5 Nh3+ 55. Kg2 Nxf2 56. Rxe5 Qxe5 57. Kxf2 f5 58. gxf5 gxf5
59. Bd3 h5 60. Bc4+ Kg7 61. Bf1 h4 62. Bg2 Qg3+ 63. Kf1 h3 64. Bxh3 Qxf3+ 65.
Ke1 Qxh3 0-1

[Event "Team BG11 chess final 2018"]
[Site "Sochi"]
[Date "2018.05.07"]
[Round "6.2"]
[White "Prokudin, Igor"]
[Black "Lebedev, Artem S"]
[Result "1-0"]
[WhiteElo "1410"]
[BlackElo "1333"]
[PlyCount "113"]
[EventDate "2018.05.01"]

1. e4 e5 2. Nf3 Nc6 3. d4 exd4 4. Nxd4 Nf6 5. Nxc6 bxc6 6. Nd2 Bc5 7. Be2 O-O
8. O-O Re8 9. Bf3 d5 10. exd5 cxd5 11. Nb3 Bb6 12. Bg5 c6 13. h3 h6 14. Bf4 Ba6
15. Re1 Rxe1+ 16. Qxe1 Qd7 17. Qb4 Re8 18. Nc5 Bxc5 19. Qxc5 Ne4 20. Qa3 Bb5
21. Rd1 Qf5 22. Qe3 h5 23. Qc1 g5 24. Bxe4 Qxf4 25. Qxf4 gxf4 26. Bf3 Re5 27.
Kh2 h4 28. b3 Kg7 29. Rd4 f5 30. Rxf4 c5 31. Rxh4 d4 32. Rh5 Kf6 33. Kg3 Be2
34. Kf4 Re7 35. Rh6+ Kg7 36. Rc6 d3 37. cxd3 Bxd3 38. Rxc5 Kf6 39. Rc6+ Kg7 40.
Rd6 Bb1 41. Rd2 Kf6 42. Rb2 Bd3 43. a4 a5 44. b4 axb4 45. Rxb4 Re6 46. a5 Kf7
47. Bd5 Kf6 48. Bxe6 Kxe6 49. Rb6+ Kd5 50. Rf6 Kc5 51. Rxf5+ Bxf5 52. Kxf5 Kb5
53. h4 Kxa5 54. h5 Kb4 55. h6 Kc4 56. h7 Kd5 57. h8=Q 1-0

[Event "Team BG11 chess final 2018"]
[Site "Sochi"]
[Date "2018.05.07"]
[Round "6.3"]
[White "Kotelnikov, Matvei"]
[Black "Otdelnov, Viktor"]
[Result "0-1"]
[WhiteElo "1231"]
[BlackElo "1427"]
[PlyCount "50"]
[EventDate "2018.05.01"]

1. e4 d5 2. exd5 Qxd5 3. Nc3 Qa5 4. d4 Nf6 5. Nf3 c6 6. Bc4 Bf5 7. Ng5 e6 8.
Bd2 Qb6 9. Bc1 Bb4 10. a3 Bxc3+ 11. bxc3 Ne4 12. Qf3 Nf6 13. Nxf7 Bg4 14. Nd6+
Ke7 15. Qg3 h5 16. h3 h4 17. Qe5 Nbd7 18. Qf4 c5 19. Ne4 Bf5 20. Nxf6 gxf6 21.
Bb3 Rag8 22. dxc5 Qxc5 23. Qf3 Qe5+ 24. Be3 Be4 25. Qd1 Bxg2 0-1

[Event "Team BG11 chess final 2018"]
[Site "Sochi"]
[Date "2018.05.07"]
[Round "6.4"]
[White "Vlasova, Olesia"]
[Black "Kalandia, Eka"]
[Result "1-0"]
[WhiteElo "1607"]
[BlackElo "1167"]
[PlyCount "120"]
[EventDate "2018.05.01"]

1. e4 d5 2. exd5 Qxd5 3. Nc3 Qd6 4. d4 a6 5. Nf3 Nf6 6. h3 b5 7. a3 Bb7 8. Be2
Nbd7 9. Be3 e6 10. Qd2 c5 11. O-O Be7 12. Rad1 O-O 13. Bf4 Qb6 14. dxc5 Bxc5
15. Bd6 Bxd6 16. Qxd6 Qxd6 17. Rxd6 Rfd8 18. Rfd1 Nd5 19. Nxd5 Bxd5 20. Nd4 Ne5
21. Rxd8+ Rxd8 22. b3 Rd7 23. Nxb5 axb5 24. Bxb5 Bc6 25. Rxd7 Bxd7 26. Bxd7
Nxd7 27. Kf1 Kf8 28. Ke2 Ke7 29. Kd3 Kd6 30. b4 Nb6 31. c4 Kc6 32. Kc3 e5 33.
Kb3 f5 34. c5 Nd5 35. Kc4 Nc7 36. a4 g5 37. b5+ Kb7 38. a5 e4 39. c6+ Kb8 40.
b6 Na8 41. c7+ Nxc7 42. bxc7+ Kxc7 43. Kd5 e3 44. fxe3 Kb7 45. Ke5 f4 46. exf4
gxf4 47. Kxf4 Ka6 48. Kg5 Kxa5 49. Kh6 Kb6 50. Kxh7 Kc7 51. g4 Kd7 52. g5 Ke7
53. g6 Kd6 54. g7 Ke5 55. g8=Q Kd4 56. Kg6 Ke5 57. h4 Kd4 58. h5 Ke4 59. h6 Ke5
60. h7 Kd4 1-0

[Event "Team BG11 chess final 2018"]
[Site "Sochi"]
[Date "2018.05.08"]
[Round "7.1"]
[White "Otdelnov, Kirill"]
[Black "Gubarev, Vladislav"]
[Result "1/2-1/2"]
[WhiteElo "1611"]
[BlackElo "1470"]
[PlyCount "37"]
[EventDate "2018.05.01"]

1. d4 Nf6 2. c4 g6 3. Nc3 Bg7 4. e4 d6 5. f3 O-O 6. Be3 e5 7. d5 Nfd7 8. Nge2
f5 9. exf5 gxf5 10. Nc1 e4 11. f4 Na6 12. Be2 Qh4+ 13. g3 Qh3 14. Bf1 Qh6 15.
Be2 Qh3 16. Bf1 Qh6 17. Be2 Qh3 18. Bf1 Qh6 19. Be2 1/2-1/2

[Event "Team BG11 chess final 2018"]
[Site "Sochi"]
[Date "2018.05.08"]
[Round "7.2"]
[White "Karasov, Islam"]
[Black "Prokudin, Igor"]
[Result "0-1"]
[WhiteElo "1056"]
[BlackElo "1410"]
[PlyCount "68"]
[EventDate "2018.05.01"]

1. e4 c5 2. c4 Nc6 3. d3 g6 4. Nc3 Bg7 5. Bd2 Nf6 6. Be2 O-O 7. Nf3 d6 8. O-O
Nd7 9. b3 Nde5 10. Nxe5 Nxe5 11. f4 Nc6 12. a3 Nd4 13. Rb1 a6 14. Nd5 b5 15.
Bc3 e6 16. Bxd4 Bxd4+ 17. Kh1 exd5 18. cxd5 Qa5 19. f5 Qd8 20. b4 Be5 21. g3
Qg5 22. Qc1 Qxc1 23. Rfxc1 cxb4 24. fxg6 bxa3 25. gxf7+ Rxf7 26. Rc2 Bb2 27.
Rcxb2 axb2 28. Rxb2 Bh3 29. d4 Rc8 30. Rb1 Rf2 31. Re1 Rc2 32. Bh5 Rxh2+ 33.
Kg1 Rcg2+ 34. Kf1 Rh1# 0-1

[Event "Team BG11 chess final 2018"]
[Site "Sochi"]
[Date "2018.05.08"]
[Round "7.3"]
[White "Otdelnov, Viktor"]
[Black "Rodionov, Mihail"]
[Result "1/2-1/2"]
[WhiteElo "1427"]
[BlackElo "1293"]
[PlyCount "129"]
[EventDate "2018.05.01"]

1. d4 c5 2. c3 e6 3. e4 Nf6 4. Bd3 Be7 5. Nf3 O-O 6. O-O d5 7. e5 Nfd7 8. Nbd2
Nc6 9. Re1 c4 10. Bb1 b5 11. Nf1 a5 12. Qc2 g6 13. Bh6 Re8 14. g3 Nb6 15. h4 b4
16. h5 a4 17. cxb4 Nxb4 18. Qd2 a3 19. bxa3 Rxa3 20. Re3 Rxe3 21. Nxe3 Qc7 22.
a3 Nc6 23. hxg6 fxg6 24. Ng4 Qd8 25. Bg5 Bxg5 26. Nxg5 Kg7 27. Nf6 Rh8 28. Qf4
Rf8 29. Ngxh7 Rf7 30. Qg4 Ne7 31. Ng5 Rf8 32. Nxe6+ Bxe6 33. Qxe6 c3 34. Qg4
Qc7 35. Bc2 Nc4 36. Qh3 Rh8 37. Qd7 Qxd7 38. Nxd7 Nd2 39. Kg2 Nc6 40. Rc1 Nxd4
41. Bd1 Rc8 42. Bc2 N4b3 43. Bxb3 Nxb3 44. Rc2 Nd4 45. Rc1 c2 46. Nb6 Rc6 47.
Nxd5 Nb3 48. Rxc2 Rxc2 49. Ne3 Ra2 50. a4 Rxa4 51. f4 Kf7 52. Kf3 Nd2+ 53. Ke2
Ne4 54. g4 Ra2+ 55. Kf3 Nd2+ 56. Kg3 Ra1 57. Kg2 Ke6 58. Kg3 Ra3 59. Kf2 Ne4+
60. Kf3 Nc3 61. Kf2 Nd5 62. f5+ gxf5 63. gxf5+ Kxe5 64. Nc4+ Kxf5 65. Nxa3
1/2-1/2

[Event "Team BG11 chess final 2018"]
[Site "Sochi"]
[Date "2018.05.08"]
[Round "7.4"]
[White "Nikolaev, Artemiy"]
[Black "Vlasova, Olesia"]
[Result "0-1"]
[WhiteElo "1297"]
[BlackElo "1607"]
[PlyCount "140"]
[EventDate "2018.05.01"]

1. c4 c5 2. Nc3 b6 3. g3 Bb7 4. Nf3 Nf6 5. Bg2 e6 6. O-O d6 7. d3 Nbd7 8. Rb1
a6 9. a3 Qc7 10. b4 cxb4 11. axb4 Be7 12. Bd2 O-O 13. b5 a5 14. Na4 Rac8 15.
Be3 Rfe8 16. Qd2 Bf8 17. Rfc1 Ba8 18. h3 Qb8 19. Bd4 e5 20. Bc3 Nc5 21. Nxc5
dxc5 22. Qe3 Nd7 23. Qd2 g6 24. Qb2 Bg7 25. Rd1 Re7 26. Rbc1 Rce8 27. e4 Nf8
28. Nd2 Bh6 29. Ra1 f6 30. Nf1 Rd7 31. Bd2 Bxd2 32. Rxd2 Red8 33. Rad1 Ne6 34.
Ne3 Nd4 35. Nc2 Nxc2 36. Qxc2 Rd4 37. f3 Qd6 38. g4 Bb7 39. Qc3 Bc8 40. Kf1 Be6
41. Ke2 Qf8 42. Rc2 Bxc4 43. Qxc4+ Rxc4 44. Rxc4 Rd6 45. h4 Qe8 46. Rb1 Qd7 47.
Rb3 Rd4 48. Bh3 Rxc4 49. dxc4 Qd4 50. Rd3 Qxc4 51. g5 fxg5 52. hxg5 Qxb5 53.
Ke3 Qe8 54. Bd7 Qe7 55. Bb5 Qxg5+ 56. Ke2 Qg2+ 57. Ke3 Qb2 58. Bc4+ Kf8 59.
Rd8+ Ke7 60. Rd2 Qc3+ 61. Bd3 c4 62. Ke2 cxd3+ 63. Rxd3 Qxd3+ 64. Kxd3 h5 65.
Kc4 h4 66. Kb5 h3 67. Kxb6 h2 68. Kxa5 h1=Q 69. Kb4 Qxf3 70. Kc5 g5 0-1

[Event "Team BG11 chess final 2018"]
[Site "Sochi"]
[Date "2018.05.08"]
[Round "7.1"]
[White "Antonov, Vladimir Vl"]
[Black "Akhmedov, David"]
[Result "0-1"]
[WhiteElo "1295"]
[BlackElo "1433"]
[PlyCount "120"]
[EventDate "2018.05.01"]

1. c4 e6 2. Nc3 d5 3. d4 Nf6 4. Nf3 Be7 5. Bf4 a6 6. e3 O-O 7. Be2 b6 8. O-O
Bb7 9. Rc1 Nbd7 10. cxd5 exd5 11. Bd3 c5 12. Ne2 Ne4 13. h3 Rc8 14. Nd2 Ndf6
15. Ng3 Bd6 16. Bxd6 Qxd6 17. dxc5 bxc5 18. Ngxe4 dxe4 19. Be2 Rfd8 20. Nc4 Qe6
21. Qc2 Bd5 22. Rfd1 h6 23. b3 Rc7 24. Nb2 Rdc8 25. Bc4 Kh8 26. Bxd5 Nxd5 27.
Qc4 Nb4 28. Qxe6 fxe6 29. a3 Nd5 30. Nc4 Rb8 31. Nd2 Nf6 32. b4 Rbc8 33. Nb3
cxb4 34. axb4 Nd5 35. Rxc7 Rxc7 36. Rd4 Rb7 37. Nc5 Rxb4 38. Nxa6 Rxd4 39. exd4
Nf4 40. Kf1 Kg8 41. Nc5 Kf7 42. Nxe4 Ke7 43. h4 Kd7 44. g3 Ng6 45. Ke2 Ne7 46.
Kd3 Nf5 47. h5 Kc6 48. g4 Nh4 49. g5 hxg5 50. Nxg5 Kd5 51. Nh3 Ng2 52. Ng5 Nf4+
53. Ke3 Nxh5 54. Nf3 Nf6 55. Ng5 Ng4+ 56. Kf3 Nh6 57. Kg2 Nf5 58. Nf3 Nxd4 59.
Nd2 e5 60. Nf1 Ke4 0-1

[Event "Team BG11 chess final 2018"]
[Site "Sochi"]
[Date "2018.05.08"]
[Round "7.2"]
[White "Lebedev, Artem S"]
[Black "Litvischenko, Mikhail"]
[Result "1-0"]
[WhiteElo "1333"]
[BlackElo "1101"]
[PlyCount "97"]
[EventDate "2018.05.01"]

1. e4 g6 2. d4 Bg7 3. Nf3 d5 4. exd5 Qxd5 5. Nc3 Qd8 6. Bc4 Nf6 7. O-O O-O 8.
Bf4 a6 9. a4 Bf5 10. h3 Nc6 11. d5 Na7 12. Bb3 Ne4 13. Nxe4 Bxe4 14. Ng5 Bf5
15. Re1 Bxb2 16. Ra2 Bg7 17. d6 exd6 18. Qd5 Qd7 19. g4 Be6 20. Nxe6 fxe6 21.
Qxb7 d5 22. Rxe6 Rfb8 23. Qxd5 Qxd5 24. Bxd5 Rb1+ 25. Kg2 Rf8 26. Re1+ Kh8 27.
Rxb1 Rxf4 28. Ra3 Bd4 29. f3 Bc5 30. Rc3 Bb6 31. Rc4 Rxc4 32. Bxc4 a5 33. f4
Kg7 34. Kf3 Kf6 35. Re1 h5 36. g5+ Kg7 37. Re7+ Kf8 38. Rf7+ Ke8 39. Rf6 Kd7
40. Rxg6 Kc8 41. f5 Kd8 42. Rg8+ Ke7 43. f6+ Kd7 44. f7 Bc5 45. f8=Q Bxf8 46.
Rxf8 h4 47. g6 Ke7 48. g7 Kd6 49. g8=Q 1-0

[Event "Team BG11 chess final 2018"]
[Site "Sochi"]
[Date "2018.05.08"]
[Round "7.1"]
[White "Shvedova, Alexandra"]
[Black "Vetokhin, Savva"]
[Result "1/2-1/2"]
[WhiteElo "1691"]
[BlackElo "1829"]
[PlyCount "85"]
[EventDate "2018.05.01"]

1. e4 c5 2. Nf3 e6 3. d4 cxd4 4. Nxd4 Nf6 5. Nc3 Nc6 6. Ndb5 Bb4 7. a3 Bxc3+ 8.
Nxc3 d5 9. exd5 exd5 10. Bd3 O-O 11. O-O d4 12. Ne4 Bf5 13. Bg5 Bxe4 14. Bxe4
h6 15. Bxf6 Qxf6 16. Re1 Rfe8 17. Qf3 Qe5 18. Bh7+ Kxh7 19. Rxe5 Rxe5 20. Qxf7
Rae8 21. Kf1 R8e7 22. Qf3 Kg8 23. Qd3 Re4 24. b4 a6 25. a4 Kh8 26. Rb1 Nxb4 27.
Qxe4 Rxe4 28. Rxb4 Re5 29. Rxb7 Rc5 30. Rb2 Rc4 31. Ra2 a5 32. Ke2 Rc3 33. Kd2
Kg8 34. Kc1 Kf7 35. Kb2 Ke6 36. Ra1 Rc4 37. Kb3 Rb4+ 38. Ka3 Rc4 39. Kb3 Rb4+
40. Ka3 Rc4 41. Kb3 Rb4+ 42. Ka3 Rc4 43. Kb3 1/2-1/2

[Event "Team BG11 chess final 2018"]
[Site "Sochi"]
[Date "2018.05.08"]
[Round "7.2"]
[White "Zverev, Lev"]
[Black "Fedorova, Olesya"]
[Result "1-0"]
[WhiteElo "1756"]
[BlackElo "1455"]
[PlyCount "93"]
[EventDate "2018.05.01"]

1. e4 c5 2. Nf3 Nc6 3. d4 cxd4 4. Nxd4 g6 5. Nc3 Bg7 6. Be3 Nf6 7. Bc4 O-O 8.
Bb3 a5 9. O-O a4 10. Nxa4 Nxe4 11. Nb5 d5 12. f3 d4 13. fxe4 dxe3 14. Qxd8 Nxd8
15. Nb6 Rb8 16. c3 Be6 17. Bxe6 Nxe6 18. Nd7 Rbd8 19. Nxf8 Nxf8 20. Rfd1 Rd2
21. Rxd2 exd2 22. Rd1 Bh6 23. Nd4 Nd7 24. Nf3 Nc5 25. Nxd2 Na4 26. Nc4 b5 27.
Na3 Nxb2 28. Rd8+ Kg7 29. Nxb5 Nc4 30. Kf1 Nd2+ 31. Rxd2 Bxd2 32. a4 Be3 33. a5
Kf8 34. a6 Ke8 35. Nd4 e5 36. a7 exd4 37. a8=Q+ Ke7 38. Qa7+ Ke6 39. cxd4 f5
40. d5+ Ke5 41. Qxe3 fxe4 42. Qc5 Kf4 43. d6 e3 44. Ke2 g5 45. d7 g4 46. d8=R
g3 47. Rd4# 1-0

[Event "Team BG11 chess final 2018"]
[Site "Sochi"]
[Date "2018.05.08"]
[Round "7.3"]
[White "Novikova, Daria"]
[Black "Anisimov, Yuri"]
[Result "0-1"]
[WhiteElo "1380"]
[BlackElo "1631"]
[PlyCount "188"]
[EventDate "2018.05.01"]

1. d4 d5 2. c4 c6 3. Nc3 Nf6 4. Nf3 e6 5. Bg5 Be7 6. e3 Nbd7 7. Rc1 O-O 8. Bd3
dxc4 9. Bxc4 c5 10. O-O cxd4 11. exd4 Nb6 12. Bd3 Bd7 13. Ne5 Bc6 14. f4 Nfd5
15. Bxe7 Nxe7 16. Bc2 f6 17. Nxc6 Nxc6 18. Ne2 Nd5 19. Rf3 f5 20. Nc3 Ndb4 21.
d5 Nxd5 22. Nxd5 Qxd5 23. Qxd5 exd5 24. Bb3 Rfd8 25. Rd1 Ne7 26. Re3 Kf8 27.
Red3 Rac8 28. h3 Rc5 29. a3 Rb5 30. R1d2 g6 31. Ba2 a5 32. Kf2 Rd6 33. Kf3 Kg7
34. Bc4 Rc5 35. Ba2 Kf6 36. Ke3 h5 37. Kd4 Rc1 38. Ke3 Re6+ 39. Kf2 Re4 40. g3
d4 41. Rb3 Ra1 42. Rb6+ Kg7 43. Bb3 h4 44. Rxb7 hxg3+ 45. Kxg3 Rg1+ 46. Kf2 Rc1
47. Bd5 Ree1 48. Rxd4 Kf6 49. Rb6+ Kg7 50. Rb7 Kf6 51. Bg2 Red1 52. Rxd1 Rxd1
53. Ke2 Rb1 54. Rb6+ Kf7 55. Bb7 Kg7 56. Ba6 Rh1 57. Rb3 Rh2+ 58. Kd1 Nd5 59.
Rb7+ Kh6 60. Bf1 Ne3+ 61. Ke1 Rh1 62. Kf2 Nxf1 63. Kg2 Rh2+ 64. Kxf1 Rxh3 65.
Kg2 Rd3 66. Rb5 Kh5 67. Kf2 Kg4 68. Rxa5 Rd2+ 69. Ke3 Rxb2 70. Ra4 Rb3+ 71. Ke2
Kg3 72. Kd2 Kf3 73. Kc2 Re3 74. Kd2 Kf2 75. Ra6 Re4 76. Rxg6 Rxf4 77. Rf6 Kf3
78. Kc3 Ke4 79. a4 Ke5 80. Ra6 Rf1 81. Ra5+ Ke4 82. Rb5 Ra1 83. a5 f4 84. Kb2
Ra4 85. Kb3 Ra1 86. Rb4+ Ke3 87. Rb5 Rb1+ 88. Kc4 Rxb5 89. Kxb5 f3 90. a6 f2
91. a7 f1=Q+ 92. Kb6 Qh1 93. Kc7 Qa8 94. Kb6 Kd4 0-1

[Event "Team BG11 chess final 2018"]
[Site "Sochi"]
[Date "2018.05.08"]
[Round "7.4"]
[White "Safinov, Artem"]
[Black "Mikhailina, Olga"]
[Result "1-0"]
[WhiteElo "1483"]
[BlackElo "1260"]
[PlyCount "105"]
[EventDate "2018.05.01"]

1. e4 e5 2. Nf3 Nf6 3. Nxe5 d6 4. Nf3 Nxe4 5. Nc3 Nxc3 6. dxc3 Be7 7. Be3 a6 8.
Qd2 Nc6 9. Be2 Be6 10. O-O-O Qd7 11. Kb1 O-O-O 12. Nd4 Bf6 13. Nxe6 fxe6 14. c4
Qf7 15. c3 Qg6+ 16. Qc2 Qxc2+ 17. Kxc2 Rhf8 18. Rhe1 Kb8 19. g3 h6 20. f4 e5
21. fxe5 Bxe5 22. Rf1 Rfe8 23. Bh5 Re6 24. Bg1 g6 25. Bf3 Re7 26. Bd5 g5 27.
Rde1 Rde8 28. Kd2 Kc8 29. Bf7 Rd8 30. Bh5 d5 31. cxd5 Rxd5+ 32. Kc2 Nd8 33. Bf3
Rd6 34. Bc5 Rdd7 35. Bxe7 Rxe7 36. Bg4+ Kb8 37. Rf8 Ka7 38. Rxd8 c6 39. Rd7 Re8
40. Bh5 Re6 41. Bf7 Rd6 42. Rxd6 Bxd6 43. Re6 Bf8 44. Re8 Bg7 45. Rg8 Bf6 46.
Rg6 Be7 47. Rxh6 Kb6 48. h4 gxh4 49. gxh4 Bf8 50. Rg6 Kc7 51. h5 Kd7 52. h6
Bxh6 53. Rxh6 1-0

[Event "Team BG11 chess final 2018"]
[Site "Sochi"]
[Date "2018.05.08"]
[Round "7.1"]
[White "Sirotkina, Elizaveta"]
[Black "Kolesov, Gordey"]
[Result "0-1"]
[WhiteElo "1154"]
[BlackElo "1825"]
[PlyCount "116"]
[EventDate "2018.05.01"]

1. e4 e5 2. Nf3 Nc6 3. d4 exd4 4. Nxd4 Nf6 5. Nxc6 bxc6 6. Bd3 Bc5 7. O-O O-O
8. Bg5 h6 9. Bh4 Be7 10. Nc3 d6 11. Kh1 Nd7 12. Bxe7 Qxe7 13. Bc4 Ne5 14. Bb3
Ba6 15. Re1 Qf6 16. f3 Rab8 17. Rb1 Qf4 18. Ne2 Qh4 19. Ng3 g6 20. Qd2 Rb6 21.
Qc3 h5 22. a3 Qf6 23. Ba2 h4 24. Nf1 Bxf1 25. Rxf1 Qf4 26. Rfe1 Rfb8 27. b4 h3
28. Qe3 hxg2+ 29. Kxg2 g5 30. Qxf4 gxf4 31. Kf2 Kh7 32. Rg1 Kh6 33. Rg2 a5 34.
c3 axb4 35. cxb4 c5 36. Rgg1 cxb4 37. axb4 Rxb4 38. Rxb4 Rxb4 39. Rb1 Ra4 40.
Bd5 Ra3 41. Rb3 Ra2+ 42. Kg1 Ra1+ 43. Kg2 c6 44. Bxc6 Nxc6 45. Rb6 Rc1 46. Rb7
Ne5 47. Rb3 Rc2+ 48. Kg1 Rd2 49. Rc3 Rd3 50. Rxd3 Nxd3 51. Kg2 Ne5 52. Kf2 Kg5
53. Kg2 Kh4 54. h3 f6 55. Kf2 Kxh3 56. Ke2 Kg2 57. Ke1 Kxf3 58. Kf1 Kxe4 0-1

[Event "Team BG11 chess final 2018"]
[Site "Sochi"]
[Date "2018.05.08"]
[Round "7.2"]
[White "Iakushkov, Pavel"]
[Black "Maltseva, Aleksandra"]
[Result "1-0"]
[WhiteElo "1554"]
[BlackElo "1153"]
[PlyCount "139"]
[EventDate "2018.05.01"]

1. Nf3 Nf6 2. g3 g6 3. Bg2 Bg7 4. O-O O-O 5. d3 d5 6. Nbd2 Bf5 7. Nh4 Qc8 8.
Nxf5 Qxf5 9. c4 c6 10. Qb3 Qd7 11. Nf3 Nh5 12. e4 dxc4 13. dxc4 Na6 14. Be3 b6
15. Rad1 Qc7 16. Qc2 Nb4 17. Qa4 c5 18. Rd7 Qc6 19. Qxc6 Nxc6 20. e5 Rad8 21.
Rxd8 Rxd8 22. g4 Nxe5 23. Nxe5 Bxe5 24. gxh5 Bxb2 25. hxg6 hxg6 26. Be4 Bd4 27.
Bg5 f6 28. Bc1 Kg7 29. Kg2 Kf7 30. Re1 Be5 31. Be3 e6 32. a4 Bd4 33. Kf3 Be5
34. h3 Rh8 35. Kg2 Rh4 36. Bd3 Bd4 37. Bd2 Be5 38. Bf1 Bd4 39. a5 Be5 40. axb6
axb6 41. Rb1 Bc7 42. Be3 Ke7 43. Bd3 g5 44. Re1 g4 45. hxg4 Rxg4+ 46. Kf3 Rh4
47. Rg1 Rh3+ 48. Ke2 Kf7 49. Ra1 Ke7 50. Ra7 Kd6 51. Bf4+ e5 52. Be3 Rh4 53.
Kf3 f5 54. Kg3 Rg4+ 55. Kh3 e4 56. Be2 Rg7 57. Bf4+ Kc6 58. Bd1 Rh7+ 59. Kg2
Rg7+ 60. Kf1 Be5 61. Ba4+ b5 62. Bxb5+ Kb6 63. Ra6+ Kb7 64. Bxe5 Re7 65. Bd6
Rd7 66. Bxd7 Kxa6 67. Bxc5 Kb7 68. Bxf5 Kc6 69. Bxe4+ Kxc5 70. Bd5 1-0